000 00757nam a2200229 a 4500
999 _c9006
_d9006
001 9006
003 BD-JhCC
005 20180307085546.0
008 171128s1998 bg a|||| ||a| 000 0 ben d
020 _a9840739379
035 _a(BD-JhCC)9006
040 _aBD-JhCC
_dBD-JhCC
041 _aben
082 _a491.4414
_bBAN 1998
245 _aবাংলা একাডেমী লেখক অভিধান /
_cআশফাক-উল-আলম (প্রধান সম্পাদক)
260 _aঢাকা :
_bবাংলা একাডেমী,
_c1998.
300 _a230 p. :
_c22 cm.
_billu,
650 _aAuthors Bengali
_xBiography,
_xDictionaries
700 _aআশফাক-উল-আলম
942 _2ddc
_cBK